Sports Quiz

Random Sports or Soccer Quiz

Serie A Top Scorers (2000s) Quiz Stats

 Plays Quiz not verified by Sporcle

Score 0/50 Timer 15:00
0 Plays Today
Goals Player % Correct
142Francesco Totti
98.7%
127Andriy Shevchenko
96.5%
118Alessandro Del Piero
95.4%
116David Trezeguet
92.8%
94Filippo Inzaghi
87.3%
98Hernan Crespo
84.9%
80Zlatan Ibrahimovic
84.1%
54Pavel Nedved
78.8%
91Luca Toni
78.5%
74Antonio Di Natale
76.1%
55Gabriel Batistuta
76%
112Christian Vieri
74.5%
113Alberto Gilardino
72.8%
87Adrian Mutu
72.7%
70Kaká
69.4%
67Antonio Cassano
68.6%
51Mirko Vucinic
63.3%
49Roberto Baggio
62.6%
76Adriano
62.2%
44Clarence Seedorf
61.3%
49Goran Pandev
59.7%
87Vincenzo Montella
57%
40Dejan Stankovic
56.8%
52David Suazo
52.6%
86Marco Di Vaio
52.5%
Goals Player % Correct
104Cristiano Lucarelli
49.4%
78Vincenzo Iaquinta
49.2%
50Alvaro Recoba
48.5%
76Julio Cruz
43.7%
40Mancini
43%
50Fabrizio Miccoli
41.6%
41Fabio Quagliarella
40.5%
87Tommaso Rocchi
40.2%
53Amauri
39.9%
68Enrico Chiesa
36.4%
58Dario Hübner
33.5%
52Giuseppe Signori
33%
50Sergio Pellissier
27.7%
81Nicola Amoruso
25.3%
74Cristiano Doni
22.6%
60David Di Michele
20.9%
55Bernardo Corradi
18.4%
44Stefano Fiore
12.7%
41Andrea Caracciolo
12.4%
40Francesco Flachi
12.3%
46Roberto Muzzi
11%
47Emiliano Bonazzoli
10.6%
43Marco Ferrante
8.9%
42Francesco Cozza
6.2%
40Claudio Bellucci
5.6%

You're not logged in!

Compare scores with friends on all Sporcle quizzes.
OR
Log In

Show Comments

Extras

Top Quizzes Today


Score Distribution

Your Account Isn't Verified!

In order to create a playlist on Sporcle, you need to verify the email address you used during registration. Go to your Sporcle Settings to finish the process.

Report this User

Report this user for behavior that violates our Community Guidelines.

Details: